Statystyki dla Osiedla miasta Cieszyn

Kliknij tutaj aby rozwiązać quiz!

Ogólne statystyki

  • Ten quiz został rozwiązany 45 razy
  • Średni wynik to 7 z 14

Statystyki odpowiedzi

l.p.Odpowiedź% Poprawnych
7.Liburnia
69%
6.Krasna
62%
11.Mnisztwo
62%
1.Bobrek (Bobrek Zachód, Bobrek Wschód)
55%
2.Boguszowice
55%
12.Pastwiska
55%
9.Mała Łąka
48%
3.Błogocice
45%
8.Marklowice
45%
14Stare Miasto
41%
4.Gułdowy
34%
13.Podgórze
34%
5.Kalembice
31%
10.Mały Jaworowy
17%

Rozkład punktacji

Percentyl według liczby udzielonych odpowiedzi

Procent ludzi z każdym wynikiem

Twoja historia wyników

Nie rozwiązałeś tego quizu